Statistiques concernant Les régions viticoles de France - Carte Quiz

Cliquez ici pour prendre le quiz!

Statistiques générales

  • Ce quiz a été pris 464 fois
  • Le résultat moyen est 13 sur 18

Réponses sur la Carte

Les réponses sont colorées sur une échelle allant du rouge au vert en fonction du pourcentage des utilisateurs qui les ont devinées à leur premier essai. Vous pouvez retrouver ces pourcentages ci-dessous.
 

Statistiques - réponses

Réponse% Correct
Alsace
93%
Corse
90%
Bordeaux
85%
Champagne
84%
Provence
84%
Sud-Ouest
82%
Val de Loire
81%
Bourgogne
76%
Jura
76%
Roussillon
75%
Savoie
74%
Charentes
73%
Vallée du Rhône
73%
Languedoc
70%
Lyonnais
65%
Lorraine
64%
Beaujolais
60%
Bugey
45%

Distribution des résultats

Percentile par nombre de réponses

% des personnes avec chaque résultat

Votre développement - résultats

Vous n’avez pas pris ce quiz